[Event "FRA-chT4 1314"]
[Site "Champagne Ardennes"]
[Date "2014.02.02"]
[Round "5"]
[White "Doyon, Yves"]
[Black "Vilmin, Jean Francois"]
[Result "0-1"]
[WhiteElo "1570"]
[BlackElo "1680"]
[PlyCount "66"]
[EventDate "2013.10.25"]
[EventType "team-tourn"]
[EventRounds "7"]
[EventCountry "FRA"]
[SourceTitle "EXT 2024"]
[Source "ChessBase"]
[SourceDate "2023.10.10"]
[SourceVersion "1"]
[SourceVersionDate "2023.10.10"]
[SourceQuality "1"]

1. e4 c5 2. c3 d6 3. Bc4 e6 4. Nf3 Nf6 5. d3 Be7 6. e5 dxe5 7. Nxe5 0-0 8. 0-0 a6 9. Be3 Qc7 10. Nf3 Rd8 11. Qe2 b5 12. Bb3 Bb7 13. Nbd2 Nbd7 14. Ng5 Nd5 15. c4 Nxe3 16. Qxe3 Bf6 17. Rad1 Ne5 18. Nde4 Bxg5 19. Nxg5 Rd4 20. f4 Ng4 21. Qe2 Rxf4 22. h3 Rxf1+ 23. Kxf1 Qf4+ 24. Ke1 Ne3 25. Ne4 Nxd1 26. Bxd1 Bxe4 27. dxe4 Rd8 28. Bb3 Rd4 29. Qf3 Qd2+ 30. Kf1 Qc1+ 31. Kf2 Rd2+ 32. Kg3 Qe1+ 33. Kg4 Re2 0-1

[Event "FRA-chT4"]
[Site "France"]
[Date "2013.01.13"]
[Round "4"]
[White "Brun, Francoise"]
[Black "Vilmin, Jean Francois"]
[Result "0-1"]
[WhiteElo "1791"]
[BlackElo "1650"]
[PlyCount "104"]
[EventDate "2012.10.24"]
[EventType "team-swiss"]
[EventRounds "9"]
[EventCountry "FRA"]
[SourceTitle "EXT 2014"]
[Source "ChessBase"]
[SourceDate "2013.11.20"]
[SourceVersion "1"]
[SourceVersionDate "2013.11.20"]
[SourceQuality "1"]

1. e4 c5 2. Nf3 d6 3. c3 Nf6 4. Bb5+ Bd7 5. Bxd7+ Qxd7 6. d3 Nc6 7. 0-0 e6 8. Re1 Qc7 9. d4 cxd4 10. cxd4 d5 11. Nc3 dxe4 12. Nxe4 h6 13. Nxf6+ gxf6 14. d5 Nd8 15. Qa4+ Qd7 16. Qh4 Qxd5 17. Qxf6 Rg8 18. Qh4 Qxf3 19. g3 Qg4 20. Qxg4 Rxg4 21. Be3 a6 22. Rac1 Nc6 23. Bb6 Rb4 24. Be3 Rd8 25. b3 h5 26. f4 Rd3 27. Kf2 Rb5 28. Rc4 Rbd5 29. Rec1 Kd7 30. h3 Bg7 31. g4 hxg4 32. hxg4 Bd4 33. Bxd4 R3xd4 34. f5 Rxc4 35. fxe6+ Kxe6 36. Rxc4 Rd2+ 37. Ke3 Rxa2 38. Kf4 Rf2+ 39. Kg5 Rg2 40. Rf4 Rb2 41. Re4+ Ne5 42. Kf4 f6 43. Re3 Rg2 44. Rh3 Rxg4+ 45. Ke3 Rb4 46. Kd2 a5 47. Kc2 Kd5 48. Rh8 f5 49. Re8 b6 50. Rc8 Ke4 51. Rc3 Nf3 52. Kd1 Nd4 0-1

[Event "Reims op 2nd"]
[Site "Reims "]
[Date "2005.??.??"]
[Round "3"]
[White "Camus, Berenger"]
[Black "Vilmin, Jean Francois"]
[Result "1-0"]
[WhiteElo "2134"]
[BlackElo "1320"]
[PlyCount "79"]
[EventDate "2005.12.27"]
[EventType "swiss"]
[EventRounds "7"]
[EventCountry "FRA"]
[SourceTitle "EXT 2008"]
[Source "ChessBase"]
[SourceDate "2007.11.25"]
[SourceVersion "1"]
[SourceVersionDate "2007.11.25"]
[SourceQuality "1"]

1. d4 Nf6 2. c4 g6 3. Nc3 Bg7 4. e4 d6 5. f3 0-0 6. Be3 c5 7. dxc5 dxc5 8. Bxc5 Na6 9. Qxd8 Rxd8 10. Bxe7 Re8 11. Bd6 b6 12. 0-0-0 Be6 13. Kb1 Rec8 14. Nd5 Bxd5 15. cxd5 Nc5 16. Bb5 a5 17. Ne2 a4 18. Nd4 a3 19. Nc6 Bf8 20. Ne7+ Bxe7 21. Bxe7 Kg7 22. e5 Nfd7 23. Bxd7 Nxd7 24. Bxa3 Nxe5 25. Rhe1 Nc4 26. Bb4 Rd8 27. d6 Ra7 28. b3 Na5 29. Re7 Nc6 30. Rxa7 Nxa7 31. Rc1 Rd7 32. Rc7 Rxc7 33. dxc7 Kf6 34. a4 Ke6 35. a5 bxa5 36. Bxa5 Kd7 37. Kc2 Nc6 38. b4 Nxa5 39. bxa5 Kxc7 40. Kd3 1-0